[Event "Muensterland Verbandsliga 1819"]
[Site "Germany"]
[Date "2019.02.16"]
[Round "7.8"]
[White "Aschenbrenner, Guenter"]
[Black "Klugstedt, Vincent C"]
[Result "0-1"]
[WhiteElo "1489"]
[BlackElo "1837"]
[PlyCount "75"]
[EventDate "2018.09.01"]
[EventType "team-tourn"]
[EventRounds "9"]
[EventCountry "GER"]
[SourceTitle "EXT 2020"]
[Source "ChessBase"]
[SourceDate "2019.10.17"]
[SourceVersion "1"]
[SourceVersionDate "2019.10.17"]
[SourceQuality "1"]
[WhiteTeam "Raesfeld Erle II"]
[BlackTeam "Borken"]
[WhiteTeamCountry "GER"]
[BlackTeamCountry "GER"]

1. e4 c5 2. d4 cxd4 3. c3 dxc3 4. Nxc3 Nc6 5. Nf3 g6 6. Bc4 Bg7 7. 0-0 e6 8. Be3 Nge7 9. Rb1 0-0 10. Nb5 d5 11. exd5 exd5 12. Bb3 Bf5 13. Bc2 d4 14. Nbxd4 Nxd4 15. Nxd4 Bxd4 16. Bxd4 Bxc2 17. Qxc2 Qxd4 18. Rfd1 Qb6 19. Qe4 Nc6 20. h4 Rfe8 21. Qf4 Rad8 22. h5 Rxd1+ 23. Rxd1 Qb4 24. Qg3 Re1+ 25. Rxe1 Qxe1+ 26. Kh2 Qe5 27. hxg6 Qxg3+ 28. Kxg3 hxg6 29. f4 Kf8 30. Kg4 Nb4 31. a3 Nd3 32. b3 f6 33. g3 Ke7 34. Kf3 Kd6 35. Ke3 Nc5 36. b4 Ne6 37. g4 Kd5 38. f5 0-1

[Event "Muensterland Verbandsklasse 1718"]
[Site "Germany"]
[Date "2017.09.16"]
[Round "1.7"]
[White "Aschenbrenner, Guenter"]
[Black "Roos, Wilfried"]
[Result "0-1"]
[WhiteElo "1463"]
[BlackElo "1693"]
[PlyCount "46"]
[EventDate "2017.09.16"]
[EventType "team-tourn"]
[EventRounds "9"]
[EventCountry "GER"]
[SourceTitle "EXT 2019"]
[Source "ChessBase"]
[SourceDate "2018.10.10"]
[SourceVersion "1"]
[SourceVersionDate "2018.10.10"]
[SourceQuality "1"]
[WhiteTeam "Raesfeld Erle II"]
[BlackTeam "Saerbeck"]
[WhiteTeamCountry "GER"]
[BlackTeamCountry "GER"]

1. e4 c5 2. d4 cxd4 3. c3 dxc3 4. Nxc3 Nc6 5. Nf3 g6 6. Bc4 Bg7 7. 0-0 d6 8. h3 Nf6 9. Re1 0-0 10. a3 Nd7 11. Ba2 Nde5 12. Be3 Kh8 13. Nd2 f5 14. Nc4 f4 15. Nxe5 Bxe5 16. Bc1 f3 17. Re3 Nd4 18. Rd3 Bxh3 19. Rxd4 Bxg2 20. Rd5 Qd7 21. Rxe5 Qh3 22. Rh5 gxh5 23. Qd4+ e5 0-1

[Event "Muensterland Verbandsklasse 1617"]
[Site "Germany"]
[Date "2017.05.20"]
[Round "9.8"]
[White "Aschenbrenner, Guenter"]
[Black "Thomann, Henning"]
[Result "0-1"]
[WhiteElo "1481"]
[BlackElo "1288"]
[PlyCount "112"]
[EventDate "2016.09.24"]
[EventType "team"]
[EventRounds "9"]
[EventCountry "GER"]
[SourceTitle "EXT 2018"]
[Source "ChessBase"]
[SourceDate "2017.10.13"]
[SourceVersion "1"]
[SourceVersionDate "2017.10.13"]
[SourceQuality "1"]
[WhiteTeam "Raesfeld Erle II"]
[BlackTeam "Neuenkirchen II"]
[WhiteTeamCountry "GER"]
[BlackTeamCountry "GER"]

1. e4 d5 2. exd5 Qxd5 3. Nc3 Qa5 4. d4 c6 5. Bd3 Nf6 6. Bd2 Qd8 7. Be3 g6 8. Qd2 Bg7 9. h3 0-0 10. Nf3 Re8 11. 0-0-0 Nbd7 12. Bh6 Nb6 13. Bxg7 Kxg7 14. Ne5 Be6 15. f4 Qxd4 16. Qe2 Qxf4+ 17. Kb1 Nbd5 18. Nxd5 Bxd5 19. Rhf1 Qh6 20. c4 Be6 21. Qf3 Qh5 22. Ng4 Bxg4 23. hxg4 Qxg4 24. Qf2 Rad8 25. Be2 Rxd1+ 26. Rxd1 Qf5+ 27. Qxf5 gxf5 28. Bf3 e6 29. Kc2 Kf8 30. Rd6 Ke7 31. c5 Rd8 32. Bxc6 Rxd6 33. cxd6+ Kxd6 34. Bxb7 Nd5 35. a3 a5 36. Kd3 Kc5 37. b3 h6 38. g3 h5 39. Bc8 Nb6 40. Bb7 Nd5 41. Bc8 f4 42. gxf4 Nxf4+ 43. Ke4 Ng6 44. b4+ axb4 45. axb4+ Kxb4 46. Kd4 h4 47. Ke4 Kc5 48. Kf3 Kc4 49. Kg4 Kc5 50. Bb7 Kd4 51. Bc8 e5 52. Ba6 e4 53. Bf1 Ke3 54. Kg5 Kf2 55. Bc4 h3 56. Bxf7 h2 0-1